000
00291nam a22001097a 4500
008
160614b xxu||||| |||| 00| 0 eng d
020
_a
0803608322
041
_a
eng
080
_a
618.2
245
_a
Nursing leadership and management / Concepts and practice:
_c
Ruth M. Tappen;
942
_2
udc
_c
BK
999
_c
2496
_d
2496